000 00701nam a2200217 i 4500
001 111204
003 ES-MaACL
005 20250730233733.0
007 t|
008 061121s1977 sp r ||||1| spa d
100 1 _aOldenbourg, Lennart.
_986692
245 1 3 _aEl hombre /
_cLennart Oldenbourg ; revisión general y presentación Agustín Pedro Pons ; traducción de Alberto Jornet.
250 _a2ª. ed.
260 _aBarcelona :
_bArgos,
_c1977.
300 _a576 p. :
_bil. ;
_c24 cm.
650 4 _aMedicina-
_vEnciclopedias.
_914899
700 1 _aPedro Pons, A.,
_d1898-1971
_989929
700 1 _aJornet Cases, A.
_966960
852 _aES-MaACL
_jA-6259
_bR.95343
999 _c111204
_d111204